000 00874nas a2200277 4500
001 BR2010003304
003 BR-BrBNA
005 20231205114133.0
007 ta
008 230509b bl.|||p| |||| 00| 00por d
040 _aBR-BrBNA
_bpor
_cBiblioteca Nacional de Agricultura
041 _a(Pt)
072 _aQ70; F01
100 1 _aLopes, A.
100 1 _aSabaini, N.M.
100 1 _aCosta, S.M.G. da
245 1 _aProdução de biomassa de cogumelo-do-sol e de shiitake em resíduos agroindustriais
650 _aCOGUMELO
650 _aBIOMASSA
650 _aRESÍDUO INDUSTRIAL
650 _aRECICLAGEM
650 _aPRÁTICA CULTURAL
773 0 _tBoletim do Centro de Pesquisa e Processamento de Alimentos (Brazil)
_xISSN 0102-0323
_g(Jul-Dec 2009), v. 27(2) p. 183-190
_wBR2010003304
909 _a202311
_bLúcia
_c55
_dLúcia Elande
942 _2AGRIS
_n0
_cANA
999 _c207248
_d207248